| 000 | 00436nam a2200181Ia 4500 | ||
|---|---|---|---|
| 001 | 2049 | ||
| 005 | 20260306143813.0 | ||
| 008 | 260306t2020||||xx |||||||||||||| ||spa|| | ||
| 041 | _aESP | ||
| 082 |
_a611.8 _bC91 2020 |
||
| 100 |
_aCrossman, Alan R. _eAUT |
||
| 245 | 0 |
_aNeuroanatomĂa: _btexto y atlas en color |
|
| 260 | _c2020 | ||
| 300 |
_a173 páginas : _c30 cm. |
||
| 650 | _aGEN | ||
| 654 | _aCPS | ||
| 942 |
_cLIB _dJUS _fJUS _2ddc _n |
||
| 999 |
_c2049 _d2049 |
||